000 00455nam a2200157 4500
001 127174
003 ES-MaACL
005 20230906192946.0
007 t|
008 070214s1958 sp r ||||1| spa d
100 1 _aRicci, Giovanni Batista.
_996879
245 1 0 _aNuevo método de italiano
_b: curso elemental /
_cpor Giovanne B. Ricci.
260 _aBarcelona :
_bRanter,
_c1958.
300 _a172 p. ;
_c21 cm.
852 _aES-MaACL
_jC-15659
_bR.43668
999 _c127174
_d127174